Представление документа в формате MARC21

Поле Инд. ПП Название Значение
Тип записи a
Библиографический уровень b
001 Контрольный номер RU/IS/BASE/185981660
005 Дата корректировки 20220715140324.2
008 Кодируемые данные 20051122
084 a Индекс другой классификации/Индекс ББК 60.563.01
a Индекс другой классификации/Индекс ББК 60.561.4; 67.021
100 1_ a Автор Елисеев А. А.
245 a Заглавие Социологическое содержание соотношения стандартов, права и морали
504 a Библиография Библиогр. ссылки. - Примеч.
650 a Основная рубрика право
a Основная рубрика социология
a Основная рубрика социология права
a Основная рубрика теория права
653 a Ключевые слова мораль
a Ключевые слова нормы
a Ключевые слова нормы морали
a Ключевые слова нормы права
a Ключевые слова общественные отношения
a Ключевые слова социальные нормы
a Ключевые слова социология морали
a Ключевые слова стандарты
773 t Заглавие источника Вестник Московского университета. Серия 18, Социология и политология
d Дата издания источника 2005
g Прочая информация № 3. - С. 79 - 88
w Контрольный № источника RU/IS/BASE/184253657
901 t Тип документа b